Transferencia de tecnología y desarrollo: análisis de un espejismo
Shranjeno v:
| Glavni avtor: | |
|---|---|
| Format: | Texto |
| Izdano: |
Heredia :
|
| Teme: | |
| Oznake: |
Označite
Brez oznak, prvi označite!
|
MARC
| LEADER | 00000 a a2200000 04500 | ||
|---|---|---|---|
| 001 | 16539 | ||
| 003 | |||
| 040 | |||
| 090 | |a 012400 | ||
| 100 | |a Camacho Naranjo, Luis Angel | ||
| 245 | |a Transferencia de tecnología y desarrollo: análisis de un espejismo | ||
| 260 | |a Heredia : | ||
| 300 | |a 10 p. | ||
| 650 | |a TRANSFERENCIA DE TECNOLOGIA | ||
| 999 | |c 8394 |d 8394 | ||
